01018nam a22002055i 4500001000700000003000900007005001700016008004100033040002000074100004300094245012100137260006500258300002100323500001900344596009600363700003100459852017900490999001900669952012400688158429ES-MaACL20230906211138.0020128s1876 sp |||| | spa d aCAM bspa cCAM1 aMadán y García, Augusto E.912932810aRosa b: zarzuela en tres actos y en verso, acomodada á la música de J. Offenbach / cpor A. Mádan y García. aMadrid : b[s.n.], c1876 (fImprenta de José Rodríguez) a90 p. ; c19 cm. aSolo el texto. 1aAl v. de port. consta : "... Administracion Lírico-Dramática de Don Eduardo Hidalgo..."0 aOffenbach, Jacques.986559 aES-MaACLjF-8555(14) z-- Enc. pasta española q-- Falto de la cub. originalz-- Enc. en un vol. facticio formando parte de la col. facticia "Teatro español moderno", v.7 c158429d158429 001040708LIBXIXaATENEOMbATENEOMcSPP2d2008-01-17l0oF-8555(14)p1165815r2023-02-23 00:00:00w2023-02-23yMONANT